10 największych miast w Niemczech - Statystyki

Ogólne statystyki
  • Ten quiz został rozwiązany 855 razy
  • Średni wynik to 7 z 10
Statystyki odpowiedzi
Liczba ludności % ludności Odpowiedź % Poprawnych
3 644 826 4,4% Berlin
100%
1 471 508 1,8% Monachium
95%
1 841 179 2,2% Hamburg
90%
587 010 0,7% Dortmund
81%
753 056 0,9% Frankfurt nad Menem
75%
1 085 664 1,3% Kolonia
73%
587 857 0,7% Lipsk
59%
634 830 0,8% Stuttgart
49%
619 294 0,7% Dusseldorf
44%
583 109 0,7% Essen
31%
Nie znaleziono quizów pasujących do podanych kryteriów
Rozkład punktacji
Procent ludzi z każdym wynikiem
Percentyl według liczby udzielonych odpowiedzi
Twoja historia wyników
Nie rozwiązałeś tego quizu